Guess the actors or actresses. - Statistics

General Stats
  • This quiz has been taken 81 times
  • The average score is 7 of 16
Answer Stats
Picture Answer % Correct
Emma Watson
85%
Natalie Portman
73%
Kevin Hart
63%
Emma Thompson
59%
Orlando Bloom
57%
Keira Knightley
55%
Dame Judi Dench
51%
Dame Maggie Smith
48%
Gerard Butler
41%
Martin Freeman
32%
Sir Ian Mckellen
31%
Emmy Rossum
20%
Bonnie Wright
15%
Christian Slater
13%
Patrick Wilson
13%
Ted Neeley
3%
No matching quizzes found
Score Distribution
Percent of People with Each Score
Percentile by Number Answered
Your Score History
You have not taken this quiz